[Event "New Delhi Matrix op 3rd"]
[Site "New Delhi"]
[Date "2024.04.09"]
[Round "7"]
[White "Jyotshnav, Talukdar"]
[Black "Om, Batra"]
[Result "0-1"]
[WhiteElo "1877"]
[BlackElo "1804"]
[PlyCount "106"]
[EventDate "2024.04.06"]
[EventType "swiss"]
[EventRounds "9"]
[EventCountry "IND"]
[SourceTitle "CB16_2024"]
[SourceDate "2024.04.17"]
[SourceVersion "1"]
[SourceVersionDate "2024.04.17"]
[SourceQuality "1"]

1. d4 Nf6 2. Bf4 e6 3. Nf3 c5 4. e3 cxd4 5. exd4 b6 6. Nc3 Be7 7. Bd3 Ba6 8. 0-0 d6 9. Bxa6 Nxa6 10. Qe2 Nc7 11. h3 Qd7 12. a4 a6 13. Ne4 Nfd5 14. Bh2 b5 15. a5 0-0 16. c3 Rab8 17. Rfe1 h6 18. Qd3 Rfc8 19. g4 f5 20. gxf5 exf5 21. Ng3 Rf8 22. Nh5 f4 23. Qg6 Rf7 24. Kg2 Rbf8 25. Rg1 Qf5 26. Kh1 Qxh3 27. Nxg7 Qxf3+ 28. Rg2 Rf6 29. Qh5 Qxh5 30. Nxh5+ Kh8 31. Nxf6 Bxf6 32. Re1 Re8 33. Rgg1 Rxe1 34. Rxe1 Kg7 35. Kg2 Bg5 36. Kf3 Kf6 37. Ke4 h5 38. Rc1 Ke6 39. b3 Nf6+ 40. Kd3 Ng4 41. Bg1 f3 42. Re1+ Kf5 43. c4 b4 44. c5 d5 45. Ra1 h4 46. Ra4 h3 47. Rxb4 Nxf2+ 48. Kc2 Ng4 49. Rb7 Bf4 50. Rb8 f2 51. Rf8+ Ke4 52. Bxf2 h2 53. Rh8 Bh6 0-1